00529nam a22001697a 450000500170000001000170001702000260003403500170006003700280007708200150010510000220012024500410014226000440018327000520022730000370027965000430031620110805143531.0 aB-430629-633 a9788182472457c195.00 aB-430629-633 bResearchco Book Centre  a720.954552 aSharma, Sangeet  aCorb's capitol /cby Sangeet Sharma  aChandigarhbAbhishek Publicationsc2009 aS.C.O. 57-59, Sector 17-C, bChandigarhe160017 a247p. c23cm (pbk) bb&w photos  aSocial sciencesxResearchxMethodology